Of mice and men
Na minha lista:
| Autor principal: | |
|---|---|
| Formato: | Livro |
| Idioma: | inglês |
| Publicado em: |
Nueva York
Triangle Books
1939
|
| Edição: | 12a. ed |
| Assuntos: | |
| Tags: |
Adicionar Tag
Sem tags, seja o primeiro a adicionar uma tag!
|
MARC
| LEADER | 00000nam a2200000 a 4500 | ||
|---|---|---|---|
| 001 | UCT1717 | ||
| 003 | CL-VaPUC | ||
| 008 | 961004e19390000US |||||||||||||||||eng|d | ||
| 082 | 0 | 4 | |a 813 |b STE |2 21 |
| 100 | 0 | |a Steinbeck, John |e author |9 370744 | |
| 245 | 1 | 0 | |a Of mice and men |
| 250 | |a 12a. ed | ||
| 300 | |a 186 p | ||
| 942 | |c BK | ||
| 945 | |d 19961004 00:00:00 |a rleighto | ||
| 260 | |a Nueva York |b Triangle Books |c 1939 | ||
| 650 | 0 | |a Novelas estadounidenses |9 265217 | |
| 583 | |a last modification |c 19961004 00:00:00 |k Rodrigo Vera | ||
| 999 | |c 252172 |d 252170 | ||
| 952 | |0 0 |1 0 |4 0 |6 813_000000000000000_STE_1939 |7 0 |8 A |9 271886 |a BIBEDU |b BIBEDU |d 2019-11-19 |i 3233936 |o 813 STE 1939 |p 3233936 |r 2019-11-19 |w 2019-11-19 |y BK |k LIT | ||